[Event "Oberliga Ost-B 1920"]
[Site "Germany"]
[Date "2020.01.19"]
[Round "7.5"]
[White "Stork, Oliver"]
[Black "Koehler, Ronald"]
[Result "1/2-1/2"]
[WhiteElo "2367"]
[BlackElo "2215"]
[PlyCount "50"]
[EventDate "2019.09.29"]
[EventType "team-tourn"]
[EventRounds "11"]
[EventCountry "GER"]
[SourceTitle "EXT 2021"]
[Source "ChessBase"]
[SourceDate "2020.10.23"]
[SourceVersion "1"]
[SourceVersionDate "2020.10.23"]
[SourceQuality "1"]
[WhiteTeam "Oberursel"]
[BlackTeam "Griesheim"]
[WhiteTeamCountry "GER"]
[BlackTeamCountry "GER"]

1. c4 Nf6 2. Nc3 c5 3. Nf3 Nc6 4. e3 e6 5. d4 d5 6. cxd5 exd5 7. Bb5 a6 8. Bxc6+ bxc6 9. 0-0 Be7 10. dxc5 Bxc5 11. e4 0-0 12. Bg5 Be7 13. Qa4 Bd7 14. Rad1 h6 15. Bxf6 Bxf6 16. exd5 cxd5 17. Qc2 Be6 18. Nd4 Qb6 19. Na4 Qa5 20. b3 Rac8 21. Qd2 Qxd2 22. Rxd2 Bxd4 23. Rxd4 Rc2 24. f4 Bf5 25. Rf2 Rc1+ 1/2-1/2

[Event "Oberliga Ost-B 1920"]
[Site "Germany"]
[Date "2019.12.08"]
[Round "5.6"]
[White "Boehmer, Christian"]
[Black "Koehler, Ronald"]
[Result "1-0"]
[WhiteElo "2163"]
[BlackElo "2215"]
[PlyCount "63"]
[EventDate "2019.09.29"]
[EventType "team-tourn"]
[EventRounds "11"]
[EventCountry "GER"]
[SourceTitle "EXT 2021"]
[Source "ChessBase"]
[SourceDate "2020.10.23"]
[SourceVersion "1"]
[SourceVersionDate "2020.10.23"]
[SourceQuality "1"]
[WhiteTeam "Moerlenbach Birkenau"]
[BlackTeam "Griesheim"]
[WhiteTeamCountry "GER"]
[BlackTeamCountry "GER"]

1. Nf3 c5 2. c4 Nf6 3. g3 d5 4. cxd5 Nxd5 5. Bg2 Nc6 6. 0-0 e5 7. Nc3 Nc7 8. d3 Be7 9. Be3 0-0 10. Rc1 Be6 11. Nd2 Qd7 12. Nde4 b6 13. f4 exf4 14. gxf4 f6 15. Ng3 f5 16. Kh1 Rad8 17. Rg1 Rf7 18. Qa4 Nd5 19. Bd2 Nb8 20. Qxd7 Rxd7 21. Nxf5 Rxf5 22. e4 Rh5 23. f5 Bxf5 24. Nxd5 Bg6 25. Bf3 Re5 26. Bf4 Nc6 27. Bg4 Rb7 28. Bxe5 Nxe5 29. Bc8 Bh5 30. Bxb7 Bf3+ 31. Rg2 Nxd3 32. Nxe7+ 1-0

[Event "Bundesliga 1617"]
[Site "Germany"]
[Date "2017.03.19"]
[Round "10.4"]
[White "Koehler, Ronald"]
[Black "L'Ami, Erwin"]
[Result "0-1"]
[WhiteElo "2282"]
[BlackElo "2605"]
[PlyCount "66"]
[EventDate "2016.10.15"]
[EventType "team-tourn"]
[EventRounds "15"]
[EventCountry "GER"]
[SourceTitle "CBM 178"]
[Source "ChessBase"]
[SourceDate "2017.05.14"]
[SourceVersion "1"]
[SourceVersionDate "2017.05.14"]
[SourceQuality "1"]
[WhiteTeam "Griesheim"]
[BlackTeam "Solingen"]
[WhiteTeamCountry "GER"]
[BlackTeamCountry "GER"]

1. d4 f5 2. Nf3 Nf6 3. g3 e6 4. Bg2 d5 5. 0-0 Bd6 6. c4 0-0 7. b3 b6 8. Ba3 Bb7 9. c5 bxc5 10. dxc5 Be7 11. Nd4 Qd7 12. f4 Nc6 13. e3 Nxd4 14. exd4 a5 15. Qc2 Ba6 16. Re1 Ne4 17. Nd2 c6 18. Nf3 Bf6 19. Bc1 Rfb8 20. Bd2 Qd8 21. Reb1 Be2 22. Bxa5 Qxa5 23. Qxe2 Qc3 24. Rd1 Rxb3 25. Ne5 Bxe5 26. fxe5 Rb2 27. Qd3 Qxd3 28. Rxd3 Raxa2 29. Rxa2 Rxa2 30. Bxe4 dxe4 31. Rb3 g5 32. Rb6 e3 33. Rxc6 Ra1+ 0-1

[Event "Bundesliga 1516"]
[Site "Germany"]
[Date "2016.04.24"]
[Round "15.8"]
[White "Koehler, Ronald"]
[Black "Handke, Florian"]
[Result "1/2-1/2"]
[WhiteElo "2267"]
[BlackElo "2530"]
[PlyCount "62"]
[EventDate "2015.09.18"]
[EventType "team-tourn"]
[EventRounds "15"]
[EventCountry "GER"]
[SourceTitle "CBM 172"]
[Source "ChessBase"]
[SourceDate "2016.05.12"]
[SourceVersion "1"]
[SourceVersionDate "2016.05.12"]
[SourceQuality "1"]
[WhiteTeam "Griesheim"]
[BlackTeam "Solingen"]
[WhiteTeamCountry "GER"]
[BlackTeamCountry "GER"]

1. d4 d5 2. c4 c6 3. Nf3 Nf6 4. Nc3 a6 5. c5 g6 6. g3 Bg7 7. Bg2 0-0 8. 0-0 Nbd7 9. Qc2 Re8 10. Rd1 a5 11. Ne5 Nxe5 12. dxe5 Nd7 13. f4 Nxc5 14. Nxd5 Nd7 15. Nc3 Qb6+ 16. Kh1 Nf8 17. Rd3 Be6 18. Be3 Qa6 19. Bg1 Rad8 20. Rad1 Rxd3 21. Rxd3 f6 22. exf6 exf6 23. e4 b5 24. Rd6 Qc8 25. a4 Bf7 26. Nd1 bxa4 27. Qxa4 Rd8 28. Rxd8 Qxd8 29. Ne3 Qb8 30. Qxa5 Qxb2 31. Qc7 Qb5 1/2-1/2

[Event "Bundesliga 1516"]
[Site "Germany"]
[Date "2016.04.23"]
[Round "14.7"]
[White "Koehler, Ronald"]
[Black "Kolbus, Dietmar"]
[Result "1/2-1/2"]
[WhiteElo "2267"]
[BlackElo "2300"]
[PlyCount "44"]
[EventDate "2015.09.18"]
[EventType "team-tourn"]
[EventRounds "15"]
[EventCountry "GER"]
[SourceTitle "CBM 172"]
[Source "ChessBase"]
[SourceDate "2016.05.12"]
[SourceVersion "1"]
[SourceVersionDate "2016.05.12"]
[SourceQuality "1"]
[WhiteTeam "Griesheim"]
[BlackTeam "Trier"]
[WhiteTeamCountry "GER"]
[BlackTeamCountry "GER"]

1. d4 Nf6 2. c4 g6 3. Nc3 d5 4. Nf3 Bg7 5. Qb3 dxc4 6. Qxc4 0-0 7. e4 Na6 8. Be2 c5 9. d5 e6 10. 0-0 exd5 11. exd5 Re8 12. Be3 Bf5 13. Rad1 Ne4 14. Nxe4 Rxe4 15. Qc1 Qb6 16. b3 Ree8 17. Nd2 Rac8 18. a3 Bd4 19. Nc4 Qd8 20. Qd2 Qxd5 21. Bxd4 cxd4 22. Ne3 Qe5 1/2-1/2

[Event "Hessenliga 1415"]
[Site "Hessen"]
[Date "2015.03.22"]
[Round "8.2"]
[White "Koehler, Ronald"]
[Black "Dunsbach, Ralf"]
[Result "1/2-1/2"]
[WhiteElo "2270"]
[BlackElo "2146"]
[PlyCount "41"]
[EventDate "2014.09.28"]
[EventType "team-tourn"]
[EventRounds "9"]
[EventCountry "GER"]
[SourceTitle "EXT 2016"]
[Source "ChessBase"]
[SourceDate "2015.10.08"]
[SourceVersion "1"]
[SourceVersionDate "2015.10.08"]
[SourceQuality "1"]
[WhiteTeam "Griesheim II"]
[BlackTeam "Bad Homburg"]
[WhiteTeamCountry "GER"]
[BlackTeamCountry "GER"]

1. d4 Nf6 2. c4 g6 3. Nc3 Bg7 4. e4 d6 5. f4 0-0 6. Nf3 c5 7. d5 e6 8. Be2 exd5 9. cxd5 Re8 10. Nd2 a6 11. a4 Ng4 12. Bxg4 Qh4+ 13. g3 Qxg4 14. Qxg4 Bxg4 15. Kf2 Bd4+ 16. Kg2 Nd7 17. h3 Bxc3 18. bxc3 Be2 19. Re1 Bd3 20. Re3 c4 21. Ba3 1/2-1/2

[Event "Hessenliga 1415"]
[Site "Hessen"]
[Date "2014.09.28"]
[Round "1.5"]
[White "Koehler, Ronald"]
[Black "Sehn, Norbert"]
[Result "1/2-1/2"]
[WhiteElo "2270"]
[BlackElo "2065"]
[PlyCount "30"]
[EventDate "2014.09.28"]
[EventType "team-tourn"]
[EventRounds "9"]
[EventCountry "GER"]
[SourceTitle "EXT 2016"]
[Source "ChessBase"]
[SourceDate "2015.10.08"]
[SourceVersion "1"]
[SourceVersionDate "2015.10.08"]
[SourceQuality "1"]
[WhiteTeam "Griesheim II"]
[BlackTeam "Fulda"]
[WhiteTeamCountry "GER"]
[BlackTeamCountry "GER"]

1. d4 Nf6 2. c4 e5 3. dxe5 Ng4 4. e3 Nxe5 5. Nh3 d6 6. Nf4 Be7 7. Nc3 Nbd7 8. Be2 Nf6 9. b3 Bf5 10. Bb2 0-0 11. 0-0 Re8 12. Ncd5 Ng6 13. Nxe7+ Qxe7 14. Nd5 Nxd5 15. Qxd5 Qe4 1/2-1/2

[Event "Bundesliga 1213"]
[Site "Germany"]
[Date "2013.02.24"]
[Round "10"]
[White "Koehler, Ronald"]
[Black "Guliyev, Namig"]
[Result "1/2-1/2"]
[WhiteElo "2264"]
[BlackElo "2546"]
[PlyCount "125"]
[EventDate "2012.10.20"]
[EventType "team-tourn"]
[EventRounds "15"]
[EventCountry "GER"]
[SourceTitle "CBM 153"]
[Source "ChessBase"]
[SourceDate "2013.03.14"]
[SourceVersion "1"]
[SourceVersionDate "2013.03.14"]
[SourceQuality "1"]
[WhiteTeam "Griesheim"]
[BlackTeam "Eppingen"]
[WhiteTeamCountry "GER"]
[BlackTeamCountry "GER"]

1. d4 d5 2. c4 dxc4 3. e4 b5 4. a4 c6 5. axb5 cxb5 6. Nc3 Bd7 7. Nf3 e6 8. Be2 Bb4 9. 0-0 Ne7 10. d5 0-0 11. Ne5 Bxc3 12. bxc3 Ng6 13. Nxg6 hxg6 14. Qd4 Qc7 15. Ba3 Re8 16. Ra2 a5 17. Rfa1 e5 18. Qc5 Qxc5 19. Bxc5 a4 20. Ba3 Na6 21. f3 g5 22. Kf2 f6 23. h3 Rec8 24. Rb1 Kf7 25. Ke3 Nc5 26. Rab2 f5 27. Rf1 Rab8 28. Rfb1 Kf6 29. Rh1 Rb7 30. Rhb1 g6 31. Rf1 Rbb8 32. Rfb1 g4 33. hxg4 fxe4 34. fxe4 Kg5 35. Rf1 Bxg4 36. Bxg4 Kxg4 37. Rf6 Nd3 38. Rb1 g5 39. Rf5 Rb7 40. Bd6 Rd8 41. Bf8 Nf4 42. Rf1 Rh7 43. d6 a3 44. Be7 Rg8 45. Rxe5 Nxg2+ 46. Kd4 Rh3 47. Rxb5 Rd3+ 48. Ke5 Ra8 49. Ra1 Nf4 50. Kf6 Kf3 51. Rxg5 Kxe4 52. Re5+ Kf3 53. Rf1+ Kg2 54. Rxf4 a2 55. Re2+ Kg3 56. Rxa2 Rxa2 57. Rxc4 Rc2 58. Ke6 Rcxc3 59. Rxc3 Rxc3 60. d7 Re3+ 61. Kd5 Rd3+ 62. Kc6 Rxd7 63. Kxd7 1/2-1/2

[Event "BL2-Sued 1112"]
[Site "Germany"]
[Date "2011.10.02"]
[Round "1.8"]
[White "Reefschlaeger, Helmut"]
[Black "Koehler, Ronald"]
[Result "1/2-1/2"]
[WhiteElo "2248"]
[BlackElo "2284"]
[PlyCount "41"]
[EventDate "2011.10.02"]
[EventType "team-tourn"]
[EventRounds "9"]
[EventCountry "GER"]
[SourceTitle "EXT 2015"]
[Source "ChessBase"]
[SourceDate "2014.11.20"]
[SourceVersion "1"]
[SourceVersionDate "2014.11.20"]
[SourceQuality "1"]
[WhiteTeam "Baden-Baden II"]
[BlackTeam "Griesheim"]
[WhiteTeamCountry "GER"]
[BlackTeamCountry "GER"]

1. d4 Nf6 2. Nf3 e6 3. c4 c5 4. d5 exd5 5. cxd5 d6 6. Nc3 g6 7. g3 Bg7 8. Bg2 0-0 9. 0-0 Re8 10. Bf4 Na6 11. h3 Nc7 12. a4 Ne4 13. Nxe4 Rxe4 14. Nd2 Rb4 15. b3 Rxf4 16. gxf4 Bxa1 17. Qxa1 Qh4 18. Qc3 Qxf4 19. Rd1 f6 20. Nc4 Ne8 21. Rd3 1/2-1/2

[Event "Bundesliga 1011"]
[Site "Germany"]
[Date "2011.02.05"]
[Round "8.8"]
[White "Naumann, Alexander"]
[Black "Koehler, Ronald"]
[Result "1-0"]
[WhiteElo "2544"]
[BlackElo "2289"]
[PlyCount "87"]
[EventDate "2010.10.09"]
[EventType "team-tourn"]
[EventRounds "15"]
[EventCountry "GER"]
[SourceTitle "EXT 2012"]
[Source "ChessBase"]
[SourceDate "2011.11.24"]
[SourceVersion "1"]
[SourceVersionDate "2011.11.24"]
[SourceQuality "1"]
[WhiteTeam "Solingen"]
[BlackTeam "Griesheim"]
[WhiteTeamCountry "GER"]
[BlackTeamCountry "GER"]

1. c4 Nf6 2. Nf3 c5 3. g3 d5 4. cxd5 Nxd5 5. Bg2 Nc6 6. Nc3 Nc7 7. 0-0 e5 8. a3 f6 9. d3 Be6 10. Be3 Qd7 11. Rc1 Rc8 12. Ne4 b6 13. b4 Nd5 14. bxc5 Nxe3 15. fxe3 f5 16. Nd6+ Bxd6 17. cxd6 Qxd6 18. Ng5 0-0 19. Nxe6 Qxe6 20. Qa4 Na5 21. Qb5 Kh8 22. Qd5 Qxd5 23. Bxd5 g6 24. g4 fxg4 25. Rxf8+ Rxf8 26. Rc7 a6 27. Kg2 Rd8 28. e4 h5 29. Kg3 g5 30. Re7 Rd6 31. Rxe5 Kg7 32. Rxg5+ Kh6 33. Kh4 Nc6 34. Rxh5+ Kg6 35. Kxg4 Nd4 36. Rg5+ Kh6 37. Rg8 b5 38. Rc8 Nxe2 39. Kf3 Nd4+ 40. Ke3 Nf5+ 41. exf5 Rxd5 42. Rc6+ Kg5 43. Ke4 Rxf5 44. h4+ 1-0

[Event "BL2-Sued 0910"]
[Site "Germany"]
[Date "2009.10.18"]
[Round "1.7"]
[White "Reefschlaeger, Helmut"]
[Black "Koehler, Ronald"]
[Result "1-0"]
[WhiteElo "2313"]
[BlackElo "2275"]
[PlyCount "67"]
[EventDate "2009.10.18"]
[EventType "team-tourn"]
[EventRounds "9"]
[EventCountry "GER"]
[SourceTitle "EXT 2011"]
[Source "ChessBase"]
[SourceDate "2010.11.26"]
[SourceVersion "1"]
[SourceVersionDate "2010.11.26"]
[SourceQuality "1"]
[WhiteTeam "Baden-Baden II"]
[BlackTeam "Griesheim"]
[WhiteTeamCountry "GER"]
[BlackTeamCountry "GER"]

1. d4 Nf6 2. c4 e6 3. g3 d5 4. Bg2 Be7 5. Nf3 0-0 6. 0-0 dxc4 7. Ne5 c5 8. dxc5 Bxc5 9. Nxc4 Qc7 10. Nc3 Nbd7 11. Qb3 Nb6 12. Nxb6 axb6 13. Bg5 Qe5 14. Bxf6 Qxf6 15. Ne4 Qe5 16. Rfd1 Ra5 17. e3 Be7 18. Rd2 Rb5 19. Qc2 Bb4 20. Rd3 Ba5 21. Rad1 f5 22. Rd8 Rc5 23. Nxc5 bxc5 24. Rxf8+ Kxf8 25. b4 Bb6 26. bxc5 Bc7 27. Rb1 h5 28. h4 g5 29. hxg5 h4 30. Qb2 hxg3 31. Qxe5 gxf2+ 32. Kxf2 Bxe5 33. Bxb7 Bd7 34. Bf3 1-0

[Event "Oberliga Ost-B 0809"]
[Site "Germany"]
[Date "2008.11.29"]
[Round "2.5"]
[White "Mayer, Frank"]
[Black "Koehler, Ronald"]
[Result "0-1"]
[WhiteElo "2331"]
[BlackElo "2256"]
[PlyCount "54"]
[EventDate "2008.10.26"]
[EventType "team-tourn"]
[EventRounds "11"]
[EventCountry "GER"]
[SourceTitle "EXT 2010"]
[Source "ChessBase"]
[SourceDate "2010.11.25"]
[SourceVersion "1"]
[SourceVersionDate "2010.11.25"]
[SourceQuality "1"]
[WhiteTeam "Wiesbaden"]
[BlackTeam "Griesheim"]
[WhiteTeamCountry "GER"]
[BlackTeamCountry "GER"]

1. e4 c5 2. c3 Nf6 3. e5 Nd5 4. Nf3 e6 5. d4 cxd4 6. cxd4 d6 7. Bc4 Nc6 8. 0-0 Be7 9. Qe2 0-0 10. a3 Qb6 11. Qe4 Na5 12. Bd3 f5 13. exf6 Nxf6 14. Qh4 Nb3 15. Ra2 Nxc1 16. Rxc1 h6 17. Nbd2 Bd7 18. Nc4 Qb3 19. Bb1 Rac8 20. Nfd2 Qb5 21. Rf1 Qh5 22. Qg3 Nd5 23. Bg6 Qg5 24. Ne3 Nf4 25. Qxg5 Bxg5 26. Be4 Ne2+ 27. Kh1 Bxe3 0-1

[Event "BL2-West 0708"]
[Site "Germany"]
[Date "2008.02.10"]
[Round "6.6"]
[White "Koehler, Ronald"]
[Black "Dann, Matthias"]
[Result "0-1"]
[WhiteElo "2267"]
[BlackElo "2118"]
[PlyCount "88"]
[EventDate "2007.10.21"]
[EventType "team-tourn"]
[EventRounds "9"]
[EventCountry "GER"]
[SourceTitle "EXT 2009"]
[Source "ChessBase"]
[SourceDate "2008.11.26"]
[SourceVersion "1"]
[SourceVersionDate "2008.11.26"]
[SourceQuality "1"]
[WhiteTeam "Griesheim"]
[BlackTeam "Schott Mainz"]
[WhiteTeamCountry "GER"]
[BlackTeamCountry "GER"]

1. d4 d5 2. c4 c6 3. Nf3 Nf6 4. Nc3 e6 5. cxd5 exd5 6. Bg5 Bd6 7. e3 h6 8. Bh4 Bg4 9. Be2 Nbd7 10. Rb1 Qe7 11. 0-0 g5 12. Bg3 Bxg3 13. hxg3 Ne4 14. Nxe4 dxe4 15. Nd2 Bxe2 16. Qxe2 0-0 17. b4 a6 18. Qc4 Rae8 19. a4 Nb6 20. Qb3 Nd5 21. b5 axb5 22. axb5 f5 23. Rfc1 Qf6 24. Nf1 Rf7 25. Qc4 Re6 26. bxc6 bxc6 27. Rc2 Kh7 28. Qa6 f4 29. gxf4 gxf4 30. exf4 Nxf4 31. Rb7 Rg7 32. Ne3 c5 33. Qa7 Rxb7 34. Qxb7+ Re7 35. Qc8 cxd4 36. Nf5 Rf7 37. Rc7 d3 38. Nd6 Rxc7 39. Qxc7+ Kg6 40. Nxe4 Ne2+ 41. Kh1 Qa1+ 42. Kh2 Qg1+ 43. Kh3 Qh1+ 44. Kg4 Qh5# 0-1

[Event "BL2-West 0708"]
[Site "Germany"]
[Date "2007.12.09"]
[Round "4.5"]
[White "Pruijssers, Roeland"]
[Black "Koehler, Ronald"]
[Result "1-0"]
[WhiteElo "2408"]
[BlackElo "2267"]
[PlyCount "127"]
[EventDate "2007.10.21"]
[EventType "team-tourn"]
[EventRounds "9"]
[EventCountry "GER"]
[SourceTitle "EXT 2009"]
[Source "ChessBase"]
[SourceDate "2008.11.26"]
[SourceVersion "1"]
[SourceVersionDate "2008.11.26"]
[SourceQuality "1"]
[WhiteTeam "Emsdetten Turm"]
[BlackTeam "Griesheim"]
[WhiteTeamCountry "GER"]
[BlackTeamCountry "GER"]

1. e4 c5 2. Nf3 Nc6 3. d4 cxd4 4. Nxd4 Nf6 5. Nc3 e5 6. Ndb5 d6 7. Bg5 a6 8. Na3 b5 9. Nd5 Be7 10. Bxf6 Bxf6 11. c3 Bg5 12. Nc2 Ne7 13. Ncb4 0-0 14. a4 bxa4 15. Qxa4 a5 16. Bb5 Bb7 17. Nc6 Bxc6 18. Bxc6 Rb8 19. Ra2 g6 20. 0-0 Qc8 21. Nxe7+ Bxe7 22. Rd1 Rb6 23. Bb5 Qb7 24. Rd5 f5 25. exf5 gxf5 26. Qc4 Kg7 27. Rxa5 Ra8 28. Rxa8 Qxa8 29. Rd1 Qb7 30. Be8 Rxb2 31. Qf7+ Kh8 32. Qxf5 Qb8 33. Qf7 Rb1 34. Ba4 Rxd1+ 35. Bxd1 Qf8 36. Qd5 Qg8 37. Qb7 Qg5 38. g3 Kg7 39. Kg2 Qf6 40. Bf3 Qf8 41. Qd7 Qf6 42. Bd5 Kh8 43. c4 Kg7 44. Qg4+ Qg6 45. Qc8 Bf8 46. Qd7+ Kh8 47. h4 Qf6 48. Be4 Be7 49. Qe8+ Kg7 50. Qh5 Qh6 51. Qf5 Qg6 52. Qf3 Qf6 53. Qg4+ Kh8 54. Qh5 Qg7 55. Bxh7 Bf8 56. c5 dxc5 57. Be4+ Qh6 58. Qxe5+ Qg7 59. Qh5+ Qh6 60. Qxh6+ Bxh6 61. f4 c4 62. Kf3 c3 63. g4 Bf8 64. g5 1-0